000 00493nam a2200169 i 4500
001 26737
003 ES-MaACL
005 20230906153507.0
007 t|
008 030110s1959 sp ||||1| spa d
100 1 _aAscanio, Alfonso de.
_923530
245 1 0 _aSin mujeres... en Benidorm
_b: novela /
_cAlfonso de Ascanio.
250 _a[1ª ed.].
260 _aMadrid :
_bCultura Clásica y Moderna,
_c1959 (
_fClemares)
300 _a386 p. ;
_c19 cm.
852 _aES-MaACL
_jC-16219
_bR.44308
999 _c26737
_d26737